Land matters in Central and Eastern Europe: report of a one day conference during the annual meeting of Commission 7, Cadastre and Rural Land Management, of the International Federation of Surveyors (FIG), 9th September 1993, Royal Agricultural College, Cirencester... (Record no. 92258)

MARC details
000 -LEADER
fixed length control field 01516cam a2200277 4500
001 - CONTROL NUMBER
control field J2264
008 - FIXED-LENGTH DATA ELEMENTS--GENERAL INFORMATION
fixed length control field 090401t1994 xxu||||| |||| 00| 0 eng d
035 ## - SYSTEM CONTROL NUMBER
System control number (Sirsi) u48003
041 ## - LANGUAGE CODE
Language code of text/sound track or separate title eng
050 ## - LIBRARY OF CONGRESS CALL NUMBER
Classification number 333.330947
110 ## - MAIN ENTRY--CORPORATE NAME
Corporate name or jurisdiction name as entry element Federation International Des Geometres
245 ## - TITLE STATEMENT
Title Land matters in Central and Eastern Europe: report of a one day conference during the annual meeting of Commission 7, Cadastre and Rural Land Management, of the International Federation of Surveyors (FIG), 9th September 1993, Royal Agricultural College, Cirencester...
260 ## - PUBLICATION, DISTRIBUTION, ETC.
Place of publication, distribution, etc. Cirencester
Name of publisher, distributor, etc. Royal Agricultural College
Date of publication, distribution, etc. 1994
300 ## - PHYSICAL DESCRIPTION
Extent 63p. ; 30cm.
350 ## - PRICE (NR) (BK AM CF MU VM SE) [OBSOLETE]
Price 0
520 ## - SUMMARY, ETC.
Summary, etc. Papers:- Land reform & cadastre in the Baltic States/ TENKANEN, A. - Needs possible solutions in Hungary/ BOROCZ, A. - Land information needs in Poland/ HOPFER, A. - Development of land markets in Hungary/ MARKING, J. - Consultancy in Central and Eastern Europe/ HEYWOOD, M. - Education & training for valuation in Bulgaria/ COX, D. - Land management & valuation issues in Bulgaria: the land restitution context/ HAYWARD, R. - Planning in a changing context: Hungary post socialism/ REDDING, B. & PARSA, A. - Agricultural land management systems in Czechoslovakia/ GRIFFITHS, M.
650 ## - SUBJECT ADDED ENTRY--TOPICAL TERM
Topical term or geographic name entry element BALTIC STATES
650 ## - SUBJECT ADDED ENTRY--TOPICAL TERM
Topical term or geographic name entry element CENTRAL EUROPE
650 ## - SUBJECT ADDED ENTRY--TOPICAL TERM
Topical term or geographic name entry element COMMISSION VII
650 ## - SUBJECT ADDED ENTRY--TOPICAL TERM
Topical term or geographic name entry element EASTERN EUROPE
650 ## - SUBJECT ADDED ENTRY--TOPICAL TERM
Topical term or geographic name entry element LAND MANAGEMENT SYSTEMS
650 ## - SUBJECT ADDED ENTRY--TOPICAL TERM
Topical term or geographic name entry element LAND REFORM
690 ## - LOCAL SUBJECT ADDED ENTRY--TOPICAL TERM (OCLC, RLIN)
Topical term or geographic name as entry element OVERSEAS-EUROPE
942 ## - ADDED ENTRY ELEMENTS (KOHA)
Suppress in OPAC 0
948 ## - LOCAL PROCESSING INFORMATION (OCLC); SERIES PART DESIGNATOR (RLIN)
c (OCLC) 04/03/1997
Holdings
Withdrawn status Lost status Source of classification or shelving scheme Damaged status Not for loan Home library Current library Shelving location Date acquired Total Checkouts Full call number Barcode Date last seen Copy number Price effective from Koha item type
    Dewey Decimal Classification     London London Basement 29/04/1994   SHELF 202 30041451 06/08/2019 1 06/08/2019 Book